Sports Quiz

Random Sports or Football Quiz
Score 0/22 Timer 03:00
0 Plays Today
Year Winner % Correct
1996Kashima Antlers
87.7%
1998Kashima Antlers
87.7%
2000Kashima Antlers
87.7%
2001Kashima Antlers
87.7%
2007Kashima Antlers
87.7%
2008Kashima Antlers
87.7%
2009Kashima Antlers
87.7%
2006Urawa Red Diamonds
84.6%
2005Gamba Osaka
83.8%
2014Gamba Osaka
83.8%
1995Yokohama Marinos
76.9%
Year Winner % Correct
2003Yokohama F. Marinos
76.9%
2004Yokohama F. Marinos
76.9%
2012Sanfrecce Hiroshima
73.1%
2013Sanfrecce Hiroshima
73.1%
2010Nagoya Grampus
72.3%
2011Kashiwa Reysol
70.8%
1997Júbilo Iwata
65.4%
1999Júbilo Iwata
65.4%
2002Júbilo Iwata
65.4%
1993Verdy Kawasaki
54.6%
1994Verdy Kawasaki
54.6%
Remove Ads.
Support Sporcle.
Get the best of Sporcle when you Go Orange. This ad-free experience offers more features, more stats, and more fun while also helping to support Sporcle. Thank you for becoming a member.

You're not logged in!

Compare scores with friends on all Sporcle quizzes.
OR
Log In

Show Comments

Extras

Top Quizzes Today


Score Distribution

Your Account Isn't Verified!

In order to create a playlist on Sporcle, you need to verify the email address you used during registration. Go to your Sporcle Settings to finish the process.

Report this User

Report this user for behavior that violates our Community Guidelines.

Details: